[Event "CZE-ch Betsys Online Blitz"]
[Site "Chess.com INT"]
[Date "2021.04.17"]
[Round "2"]
[White "Bures, Vit"]
[Black "Trhal, Michal"]
[Result "1-0"]
[WhiteElo "2119"]
[BlackElo "2007"]
[PlyCount "37"]
[EventDate "2021.04.17"]
[EventType "swiss (blitz)"]
[EventRounds "13"]
[EventCountry "CZE"]
[SourceTitle "CBM 201 Extra"]
[Source "ChessBase"]
[SourceDate "2021.05.31"]
[SourceVersion "1"]
[SourceVersionDate "2021.05.31"]
[SourceQuality "1"]

1. d4 Nf6 2. c4 c5 3. d5 b5 4. cxb5 a6 5. bxa6 Bxa6 6. Nc3 g6 7. e4 Bxf1 8. Kxf1 d6 9. g3 Bg7 10. Kg2 0-0 11. Nf3 e6 12. dxe6 fxe6 13. e5 Ng4 14. Qxd6 Qc8 15. Bf4 g5 16. Nxg5 Qb7+ 17. f3 Rxf4 18. gxf4 Ne3+ 19. Kf2 1-0

[Event "CZE-ch Betsys Online Blitz"]
[Site "Chess.com INT"]
[Date "2021.04.17"]
[Round "4"]
[White "Pilch, Roman"]
[Black "Trhal, Michal"]
[Result "1-0"]
[WhiteElo "2131"]
[BlackElo "2007"]
[PlyCount "41"]
[EventDate "2021.04.17"]
[EventType "swiss (blitz)"]
[EventRounds "13"]
[EventCountry "CZE"]
[SourceTitle "CBM 201 Extra"]
[Source "ChessBase"]
[SourceDate "2021.05.31"]
[SourceVersion "1"]
[SourceVersionDate "2021.05.31"]
[SourceQuality "1"]

1. Nf3 Nf6 2. c4 b6 3. Nc3 Bb7 4. g3 e6 5. Bg2 Be7 6. 0-0 0-0 7. b3 c5 8. Bb2 d6 9. Rc1 Nbd7 10. d3 a6 11. e4 Qc7 12. Ne1 Rad8 13. Nc2 Rfe8 14. Ne3 Nf8 15. f4 e5 16. f5 Bc6 17. g4 b5 18. g5 N6d7 19. Ncd5 Bxd5 20. Nxd5 Qb7 21. f6 1-0

[Event "CZE-ch Betsys Online Blitz"]
[Site "Chess.com INT"]
[Date "2021.04.17"]
[Round "9"]
[White "Trhal, Michal"]
[Black "Hlozek, David"]
[Result "1-0"]
[WhiteElo "2007"]
[BlackElo "2050"]
[PlyCount "119"]
[EventDate "2021.04.17"]
[EventType "swiss (blitz)"]
[EventRounds "13"]
[EventCountry "CZE"]
[SourceTitle "CBM 201 Extra"]
[Source "ChessBase"]
[SourceDate "2021.05.31"]
[SourceVersion "1"]
[SourceVersionDate "2021.05.31"]
[SourceQuality "1"]

1. c4 e5 2. Nf3 Nc6 3. d4 exd4 4. Nxd4 Nxd4 5. Qxd4 Nf6 6. Nc3 Be7 7. g3 0-0 8. Bg2 c6 9. 0-0 d6 10. e4 Qc7 11. b3 a6 12. Bb2 b5 13. cxb5 axb5 14. Rac1 Qd7 15. Rfd1 Qe6 16. h3 c5 17. Qd2 b4 18. Nd5 Nxd5 19. exd5 Qg6 20. Ra1 Bf6 21. Re1 Bxb2 22. Qxb2 Bf5 23. a4 bxa3 24. Rxa3 Rxa3 25. Qxa3 Qh6 26. g4 Qd2 27. Qc1 Qxc1 28. Rxc1 Bd3 29. Re1 Rb8 30. Re3 Bc2 31. Re7 Kf8 32. Rd7 Bxb3 33. Rxd6 c4 34. Rc6 Rd8 35. Kf1 Ke7 36. Rc7+ Rd7 37. Rc6 Rd6 38. Rc7+ Rd7 39. Rc5 Kd6 40. Rc6+ Ke5 41. Ke2 Kd4 42. Kd2 c3+ 43. Rxc3 Bxd5 44. Rd3+ Ke5 45. f4+ Ke6 46. f5+ Ke5 47. Ke3 Bc6 48. Bxc6 Rxd3+ 49. Kxd3 Kf4 50. Ke2 Kg3 51. Bd5 f6 52. Bg8 h6 53. Bf7 Kxh3 54. Bh5 Kh4 55. Kf3 Kg5 56. Ke4 Kh4 57. Kd5 Kg5 58. Ke6 Kf4 59. Kf7 Ke5 60. Kxg7 1-0

[Event "CZE-chT2D 1920"]
[Site "Czech Republic"]
[Date "2020.06.27"]
[Round "10.5"]
[White "Sykora, Josef"]
[Black "Trhal, Michal"]
[Result "1/2-1/2"]
[WhiteElo "2069"]
[BlackElo "1998"]
[PlyCount "41"]
[EventDate "2019.10.13"]
[EventType "team-tourn"]
[EventRounds "11"]
[EventCountry "CZE"]
[SourceTitle "EXT 2024"]
[Source "ChessBase"]
[SourceDate "2023.10.10"]
[SourceVersion "1"]
[SourceVersionDate "2023.10.10"]
[SourceQuality "1"]
[WhiteTeam "Pardubice Rapid"]
[BlackTeam "Chrudim"]
[WhiteTeamCountry "CZE"]
[BlackTeamCountry "CZE"]

1. c4 Nf6 2. g3 g6 3. Bg2 Bg7 4. Nc3 0-0 5. e3 e5 6. Nge2 c6 7. d4 exd4 8. Nxd4 d5 9. cxd5 Nxd5 10. Nxd5 cxd5 11. b3 Nc6 12. Bb2 Nxd4 13. Bxd4 Qa5+ 14. Qd2 Qxd2+ 15. Kxd2 Bxd4 16. exd4 Be6 17. Rhc1 Rfc8 18. Rxc8+ Rxc8 19. Rc1 Rxc1 20. Kxc1 Kf8 21. Kd2 1/2-1/2

[Event "CZE-chT2D 1819"]
[Site "Czech Republic"]
[Date "2018.12.16"]
[Round "5.8"]
[White "Danek, Pavel"]
[Black "Trhal, Michal"]
[Result "1-0"]
[WhiteElo "1902"]
[BlackElo "1990"]
[PlyCount "69"]
[EventDate "2018.10.14"]
[EventType "team-tourn"]
[EventRounds "11"]
[EventCountry "CZE"]
[SourceTitle "EXT 2022"]
[Source "ChessBase"]
[SourceDate "2021.10.06"]
[SourceVersion "1"]
[SourceVersionDate "2021.10.06"]
[SourceQuality "1"]
[WhiteTeam "Vysoke Myto"]
[BlackTeam "Chrudim"]
[WhiteTeamCountry "CZE"]
[BlackTeamCountry "CZE"]

1. d4 Nf6 2. Nf3 e6 3. Bg5 h6 4. Bh4 b6 5. Nbd2 Bb7 6. e3 Be7 7. Bxf6 Bxf6 8. Bd3 d5 9. 0-0 0-0 10. Ne5 c5 11. f4 Nc6 12. c3 Nxe5 13. fxe5 Bg5 14. Qe2 Bc6 15. Nf3 Be7 16. Nd2 b5 17. Qh5 Bg5 18. Rf3 cxd4 19. cxd4 Be8 20. Qg4 h5 21. Qxh5 f5 22. Qh3 g6 23. g4 Kg7 24. gxf5 exf5 25. Qg2 Rc8 26. Nb3 Rh8 27. Rg3 Bh4 28. Rf3 Rh5 29. Rxf5 Rxf5 30. Bxf5 Bg5 31. Bxc8 Bxe3+ 32. Kh1 Qxc8 33. Rf1 g5 34. Rf3 Bc1 35. Rc3 1-0

[Event "CZE-chT2D 1011"]
[Site "Czech Republic"]
[Date "2011.04.10"]
[Round "11"]
[White "Trhal, Michal"]
[Black "Poslusny, Martin"]
[Result "0-1"]
[WhiteElo "1982"]
[BlackElo "1998"]
[PlyCount "48"]
[EventDate "2010.10.17"]
[EventType "team-tourn"]
[EventRounds "11"]
[EventCountry "CZE"]
[SourceTitle "EXT 2012"]
[Source "ChessBase"]
[SourceDate "2011.11.24"]
[SourceVersion "1"]
[SourceVersionDate "2011.11.24"]
[SourceQuality "1"]
[WhiteTeam "Vysoke Myto"]
[BlackTeam "Usti nad Orlici"]
[WhiteTeamCountry "CZE"]
[BlackTeamCountry "CZE"]

1. d4 d5 2. c4 c6 3. Nc3 g6 4. Bf4 Bg7 5. e3 Nf6 6. Nf3 0-0 7. Be2 Nbd7 8. h4 dxc4 9. e4 Nh5 10. Be3 b5 11. e5 Nb6 12. Nd2 f5 13. Bxh5 gxh5 14. g3 Bb7 15. Qxh5 c5 16. dxc5 Bxh1 17. cxb6 axb6 18. 0-0-0 Rxa2 19. Nxa2 Qa8 20. Kb1 c3 21. Nxc3 b4 22. Na2 Be4+ 23. Ka1 Bc2 24. Qe2 Qxa2+ 0-1

[Event "CZE-chT2D 0910"]
[Site "Czech Republic"]
[Date "2009.11.22"]
[Round "3.7"]
[White "Lausman, Petr"]
[Black "Trhal, Michal"]
[Result "0-1"]
[WhiteElo "2048"]
[BlackElo "1958"]
[PlyCount "78"]
[EventDate "2009.10.18"]
[EventType "team-tourn"]
[EventRounds "11"]
[EventCountry "CZE"]
[SourceTitle "EXT 2012"]
[Source "ChessBase"]
[SourceDate "2011.11.24"]
[SourceVersion "1"]
[SourceVersionDate "2011.11.24"]
[SourceQuality "1"]
[WhiteTeam "Pardubice Bohemia"]
[BlackTeam "Zajecice"]
[WhiteTeamCountry "CZE"]
[BlackTeamCountry "CZE"]

1. e4 c6 2. d4 g6 3. Bd3 Bg7 4. Ne2 d5 5. e5 Nh6 6. 0-0 Bf5 7. Bg5 Bxd3 8. Qxd3 Nf5 9. g4 Nh6 10. Qh3 Ng8 11. Nd2 Nd7 12. f4 Qb6 13. a4 f6 14. a5 Qxb2 15. Rfc1 fxg5 16. Rab1 Qa2 17. Ra1 Qb2 18. Rab1 Qa2 19. Qc3 Qa4 20. Rxb7 c5 21. e6 Nb8 22. Rcb1 Na6 23. Qxc5 Bf6 24. Qxa7 Rd8 25. Qxa6 Nh6 26. Rb8 0-0 27. Rxd8 Bxd4+ 28. Kg2 Rxd8 29. fxg5 Nxg4 30. Nxd4 Qxd4 31. Qe2 Rf8 32. Nf3 Ne3+ 33. Kf2 Nxc2+ 34. Kg3 Qf4+ 35. Kg2 Qg4+ 36. Kf2 Nd4 37. Rb4 Rxf3+ 38. Ke1 Qg1+ 39. Kd2 Nxe2 0-1

[Event "CZE-chT2D 0910"]
[Site "Czech Republic"]
[Date "2009.11.08"]
[Round "2.7"]
[White "Trhal, Michal"]
[Black "Kourek, Josef"]
[Result "0-1"]
[WhiteElo "1958"]
[BlackElo "2131"]
[PlyCount "56"]
[EventDate "2009.10.18"]
[EventType "team-tourn"]
[EventRounds "11"]
[EventCountry "CZE"]
[SourceTitle "EXT 2012"]
[Source "ChessBase"]
[SourceDate "2011.11.24"]
[SourceVersion "1"]
[SourceVersionDate "2011.11.24"]
[SourceQuality "1"]
[WhiteTeam "Zajecice"]
[BlackTeam "Polabiny II"]
[WhiteTeamCountry "CZE"]
[BlackTeamCountry "CZE"]

1. d4 Nf6 2. Bg5 Ne4 3. Bh4 c5 4. f3 g5 5. fxe4 gxh4 6. e3 e6 7. Qh5 Nc6 8. c3 b6 9. d5 Ne7 10. Na3 Ng6 11. 0-0-0 Bg7 12. dxe6 fxe6 13. Nf3 Qe7 14. Nb5 0-0 15. Nd6 Rb8 16. e5 Bb7 17. Ng5 Bxe5 18. Nxb7 Rf5 19. Qxh7+ Qxh7 20. Nxh7 Rxb7 21. Bd3 Kxh7 22. Bxf5 exf5 23. Rhf1 Bxh2 24. Rxf5 d6 25. Rdf1 Kg7 26. Kd2 b5 27. Kd3 Ne5+ 28. Ke4 Nc4 0-1